British Bands - Sudden Death - Statistics

General Stats
  • This quiz has been taken 95,923 times
    95,861 since last reset
  • The average score is 9 of 23
Answers on the Grid
Answers color-coded by a green-red scale on the quiz's grid according to % correct below.
a-ha
Aerosmith
Alice in Chains
Arctic Monkeys
Black Sabbath
Blur
Coldplay
Deftones
Duran Duran
Franz Ferdinand
Green Day
Iron Maiden
Joy Division
Kiss
Led Zeppelin
Madness
Men at Work
Nickelback
Nirvana
Oasis
Pearl Jam
Pink Floyd
Queen
Radiohead
Rush
Scorpions
Sigur Ros
Steppenwolf
The Beatles
The Clash
The Cranberries
The Cure
The Doors
The Jam
The Kinks
The Ramones
The Rolling Stones
The Smiths
The Stone Roses
The White Stripes
The Who
Thin Lizzy
U2
Weezer
ZZ Top
 
Answer Stats
Answer % Correct
Coldplay
60%
Arctic Monkeys
56%
Oasis
55%
Blur
54%
Queen
54%
The Beatles
52%
Black Sabbath
48%
Pink Floyd
43%
The Rolling Stones
38%
Led Zeppelin
37%
Radiohead
36%
The Clash
36%
Duran Duran
34%
The Who
31%
Franz Ferdinand
29%
Joy Division
29%
The Cure
29%
The Smiths
29%
Iron Maiden
27%
Madness
27%
The Kinks
25%
The Stone Roses
17%
The Jam
15%
No matching quizzes found
Score Distribution
Percent of People with Each Score
Percentile by Number Answered
Your Score History
You have not taken this quiz since the last reset